| 000 | 00792nam a22002177a 4500 | ||
|---|---|---|---|
| 005 | 20120208143812.0 | ||
| 010 | _aB-470521 | ||
| 020 | _a9781848101258 | ||
| 035 | _aB-470521 | ||
| 037 |
_adpl _bpub |
||
| 082 | _a552 | ||
| 100 |
_aCallery, Sean _952595 |
||
| 245 |
_a100 facts Rocks & Minerals / _cby Sean Callery |
||
| 260 |
_aMiles Kelly _c2009 |
||
| 270 |
_bU.K _minfo@mileskelly.net |
||
| 300 |
_a48p. _bcol.ill _c29cm |
||
| 500 | _aProjects,Quizzes,Fun Facts,Cartoons | ||
| 942 |
_2ddc _cCH _mCAL _h552 |
||
| 999 |
_c62297 _d62297 |
||